[Event "March of Kings"]
[Site "Edmonton CAN"]
[Date "2009.03.15"]
[Round "5"]
[White "Kaminski, Thomas"]
[Black "Lazo, Jan Edmund"]
[Result "0-1"]
[WhiteElo "2103"]
[BlackElo "1933"]
[PlyCount "66"]
[GameId "2160767910231585"]
[EventDate "2009.03.14"]
[EventType "swiss"]
[EventRounds "5"]
[EventCountry "CAN"]
[SourceTitle "EXT 2011"]
[Source "ChessBase"]
[SourceDate "2011.11.26"]
[SourceVersion "1"]
[SourceVersionDate "2011.11.26"]
[SourceQuality "1"]

1. c4 Nf6 2. Nc3 e6 3. Nf3 b6 4. d4 Bb4 5. Qc2 Bb7 6. Bd2 d5 7. cxd5 exd5 8. a3 Be7 9. e3 O-O 10. Bd3 Nbd7 11. O-O c5 12. dxc5 bxc5 13. b3 Rc8 14. Na4 Nb6 15. Nxb6 Qxb6 16. Ne5 Bd6 17. Bc3 d4 18. Nc4 Qc6 19. f3 dxc3 20. e4 Qc7 21. g3 Rfe8 22. Rfe1 Be5 23. Nxe5 Qxe5 24. Rad1 Rcd8 25. Bb5 Rf8 26. Qf2 Rd4 27. f4 Qc7 28. e5 Ne4 29. Qc2 Rfd8 30. Rxd4 cxd4 31. Bd3 Nd2 32. Re2 Qc6 33. Rxd2 cxd2 0-1

[Event "March of Kings"]
[Site "Edmonton CAN"]
[Date "2009.03.15"]
[Round "5"]
[White "Marshall, Jim"]
[Black "Zhao, Kevin"]
[Result "1/2-1/2"]
[WhiteElo "1651"]
[BlackElo "582"]
[PlyCount "31"]
[GameId "2160767910231586"]
[EventDate "2009.03.14"]
[EventType "swiss"]
[EventRounds "5"]
[EventCountry "CAN"]
[SourceTitle "EXT 2011"]
[Source "ChessBase"]
[SourceDate "2011.11.26"]
[SourceVersion "1"]
[SourceVersionDate "2011.11.26"]
[SourceQuality "1"]

1. e4 e5 2. Nf3 Nc6 3. d4 exd4 4. Bc4 Nf6 5. O-O Nxe4 6. Re1 d5 7. Bxd5 Qxd5 8. Nc3 Qd8 9. Nxe4 Be7 10. c3 dxc3 11. Qxd8+ Nxd8 12. Nxc3 Be6 13. Bf4 c5 14. Rad1 O-O 15. Nd5 Nc6 16. Nxe7+ 1/2-1/2

[Event "March of Kings"]
[Site "Edmonton CAN"]
[Date "2009.03.15"]
[Round "5"]
[White "Ong, Simon"]
[Black "Cai, Tony"]
[Result "1-0"]
[WhiteElo "1638"]
[BlackElo "1776"]
[PlyCount "115"]
[GameId "2160767910231587"]
[EventDate "2009.03.14"]
[EventType "swiss"]
[EventRounds "5"]
[EventCountry "CAN"]
[SourceTitle "EXT 2011"]
[Source "ChessBase"]
[SourceDate "2011.11.26"]
[SourceVersion "1"]
[SourceVersionDate "2011.11.26"]
[SourceQuality "1"]

1. c4 e5 2. Nc3 Nf6 3. g3 g6 4. Bg2 Bg7 5. e3 O-O 6. Nge2 Re8 7. O-O c6 8. a3 d5 9. cxd5 cxd5 10. d4 e4 11. h3 Nc6 12. b4 Nh5 13. Kh2 f5 14. Nf4 Nxf4 15. gxf4 Kh8 16. Rb1 Be6 17. a4 Qh4 18. Bd2 Rg8 19. Be1 Bf6 20. f3 Qh6 21. Ne2 g5 22. fxg5 Rxg5 23. f4 Rg6 24. b5 Rag8 25. Bg3 Qg7 26. Qe1 Na5 27. Rg1 Nc4 28. Qf2 h5 29. h4 Qc7 30. Ra1 Qa5 31. Bh3 Qd2 32. Rad1 Qxe3 33. Qxe3 Nxe3 34. Rd2 Rc8 35. Bf2 Rxg1 36. Kxg1 Nc4 37. Ra2 Nd6 38. Kh2 Kg8 39. Bf1 Kf7 40. Kh3 Ke7 41. Ng3 Bf7 42. Be2 Rc3 43. Be1 Rb3 44. Bf2 e3 45. Be1 Bxd4 46. Nxh5 Rb2 47. Rxb2 Bxb2 48. Ng3 Bf6 49. Bb4 d4 50. Nxf5+ Ke6 51. Nxd6 Be7 52. Bc4+ Kd7 53. Nxf7 Bxb4 54. Ne5+ Kd6 55. Nf3 Bd2 56. h5 e2 57. Bxe2 Bxf4 58. Nxd4 1-0

[Event "March of Kings"]
[Site "Edmonton CAN"]
[Date "2009.03.15"]
[Round "5"]
[White "Pedersen, Rick"]
[Black "Moloney, Nicholas"]
[Result "1-0"]
[WhiteElo "2019"]
[BlackElo "2228"]
[PlyCount "111"]
[GameId "2160767910231588"]
[EventDate "2009.03.14"]
[EventType "swiss"]
[EventRounds "5"]
[EventCountry "CAN"]
[SourceTitle "EXT 2011"]
[Source "ChessBase"]
[SourceDate "2011.11.26"]
[SourceVersion "1"]
[SourceVersionDate "2011.11.26"]
[SourceQuality "1"]

1. d3 d5 2. g3 e5 3. Bg2 c6 4. Nd2 Bd6 5. c3 Nd7 6. e4 Ngf6 7. Ne2 O-O 8. O-O a5 9. d4 dxe4 10. dxe5 Nxe5 11. Nxe4 Nxe4 12. Bxe4 Bg4 13. f3 Bh3 14. Rf2 Bc5 15. Nd4 Qf6 16. Qe2 Bxd4 17. cxd4 Ng6 18. Be3 Rfe8 19. Rd1 Be6 20. a3 Bd5 21. Qd2 Qe6 22. Bxd5 Qxd5 23. Kg2 Re6 24. Re1 Rae8 25. Rfe2 Nf8 26. Bf2 a4 27. Rxe6 Rxe6 28. Rxe6 Nxe6 29. Be3 b5 30. Kf2 f5 31. h4 h5 32. Ke2 Kf7 33. Kf2 Qc4 34. Qc3 Qxc3 35. bxc3 Nc7 36. Ke2 Nd5 37. Kd3 Ke6 38. Bc1 Nb6 39. Be3 Kd5 40. Bg5 Ke6 41. Be3 Nc4 42. Bc1 Kd5 43. Ke2 c5 44. dxc5 Kxc5 45. g4 fxg4 46. fxg4 hxg4 47. h5 Kd5 48. Kf2 Ke4 49. Kg3 Kf5 50. Kh4 Nd6 51. Be3 Ke4 52. Bc5 Ne8 53. Kxg4 Ke5 54. Kg5 Ke6 55. Kg6 Nf6 56. Bf8 1-0

[Event "March of Kings"]
[Site "Edmonton CAN"]
[Date "2009.03.15"]
[Round "5"]
[White "Vasilev, Stephan"]
[Black "Beaudin, Jesse"]
[Result "0-1"]
[WhiteElo "2176"]
[BlackElo "1915"]
[PlyCount "78"]
[GameId "2160767910231589"]
[EventDate "2009.03.14"]
[EventType "swiss"]
[EventRounds "5"]
[EventCountry "CAN"]
[SourceTitle "EXT 2011"]
[Source "ChessBase"]
[SourceDate "2011.11.26"]
[SourceVersion "1"]
[SourceVersionDate "2011.11.26"]
[SourceQuality "1"]

1. e4 c5 2. Nf3 d6 3. d4 cxd4 4. Nxd4 Nf6 5. Nc3 a6 6. g3 Nc6 7. Bg2 e5 8. Nde2 h6 9. O-O Be7 10. h3 b5 11. a4 Qa5 12. Be3 b4 13. Nd5 Nxd5 14. exd5 Nd8 15. g4 f5 16. gxf5 Bxf5 17. Ng3 O-O 18. Nxf5 Rxf5 19. Qg4 Rf6 20. Qd7 Rf7 21. Be4 Bf8 22. Qg4 Rf6 23. h4 Qc7 24. a5 Qc8 25. Qg2 Qc4 26. b3 Qc3 27. Bd3 Nb7 28. Qe4 Nc5 29. Bxc5 Qxc5 30. h5 Kf7 31. Kg2 Rf4 32. Qg6+ Ke7 33. Qe6+ Kd8 34. Bg6 Ra7 35. Qe8+ Kc7 36. Rad1 Qxa5 37. Bf7 Qb5 38. Qxf8 Qd7 39. Qxg7 Rg4+ 0-1

[Event "March of Kings"]
[Site "Edmonton CAN"]
[Date "2009.03.15"]
[Round "5"]
[White "White, Ethan"]
[Black "Razzaq, Ali"]
[Result "0-1"]
[WhiteElo "809"]
[BlackElo "1782"]
[PlyCount "118"]
[GameId "2160767910231590"]
[EventDate "2009.03.14"]
[EventType "swiss"]
[EventRounds "5"]
[EventCountry "CAN"]
[SourceTitle "EXT 2011"]
[Source "ChessBase"]
[SourceDate "2011.11.26"]
[SourceVersion "1"]
[SourceVersionDate "2011.11.26"]
[SourceQuality "1"]

1. e4 c6 2. d4 d5 3. Nc3 dxe4 4. Nxe4 Nd7 5. Nf3 Ngf6 6. Nxf6+ Nxf6 7. Bg5 e6 8. Bd3 h6 9. Bxf6 Qxf6 10. O-O Bd6 11. c3 b5 12. Re1 Bb7 13. Qb3 O-O 14. Qc2 Rac8 15. Rad1 c5 16. Ne5 cxd4 17. Nd7 Qf4 18. g3 Qf3 19. Be4 Bxe4 20. Qxe4 Qxe4 21. Rxe4 Rfd8 22. Rexd4 Be7 23. Ne5 Rxd4 24. Rxd4 Bf6 25. f4 a5 26. a4 Rc5 27. axb5 Rxb5 28. Ra4 Bxe5 29. fxe5 Kf8 30. b4 axb4 31. cxb4 Rxe5 32. Ra5 Re1+ 33. Kf2 Rb1 34. Rb5 Ke7 35. Ke3 f5 36. Kd4 Rh1 37. Rb8 Rxh2 38. b5 Rg2 39. b6 Rxg3 40. b7 Rb3 41. Kc5 f4 42. Kc6 e5 43. Ra8 Rxb7 44. Kxb7 Kf6 45. Kc6 Kf5 46. Kd5 h5 47. Rf8+ Kg4 48. Kxe5 g5 49. Ke4 h4 50. Rh8 h3 51. Rd8 h2 52. Rh8 Kg3 53. Rh5 g4 54. Kd3 f3 55. Kd2 Kg2 56. Ke3 h1=Q 57. Rxh1 Kxh1 58. Kf2 Kh2 59. Kf1 g3 0-1

[Event "Mauricie op"]
[Site "Trois-Rivieres CAN"]
[Date "2009.03.20"]
[Round "1"]
[White "Bolduc, Steve"]
[Black "Jiang, Louie"]
[Result "0-1"]
[WhiteElo "2314"]
[BlackElo "2185"]
[PlyCount "56"]
[GameId "2160767910223062"]
[EventDate "2009.03.20"]
[EventType "swiss"]
[EventRounds "5"]
[EventCountry "CAN"]
[SourceTitle "hb 2009.04"]

1. d4 d5 2. c4 e6 3. Nc3 Nf6 4. Bg5 c6 5. Nf3 Nbd7 6. e3 Qa5 7. Nd2 Bb4 8. Qc2 O-O 9. Be2 c5 10. O-O cxd4 11. Nb3 Qc7 12. Nb5 Qb8 13. c5 dxe3 14. Bxe3 a6 15. Nd6 b6 16. Bf4 Nxc5 17. Nd4 Bd7 18. a3 Nb3 19. N4f5 exf5 20. axb4 Nxa1 21. Rxa1 Ne4 22. Rd1 Be6 23. Qc6 Nxd6 24. Bxd6 Rc8 25. Bxb8 Rxc6 26. Be5 b5 27. Bc3 Rac8 28. Ra1 d4 0-1

[Event "Mauricie op"]
[Site "Trois-Rivieres CAN"]
[Date "2009.03.20"]
[Round "1"]
[White "Laptos, Krzysztof"]
[Black "Masse, Hugues"]
[Result "0-1"]
[WhiteElo "2181"]
[BlackElo "2311"]
[PlyCount "96"]
[GameId "2160767910223064"]
[EventDate "2009.03.20"]
[EventType "swiss"]
[EventRounds "5"]
[EventCountry "CAN"]
[SourceTitle "EXT 2011"]
[Source "ChessBase"]
[SourceDate "2011.11.26"]
[SourceVersion "1"]
[SourceVersionDate "2011.11.26"]
[SourceQuality "1"]

1. d4 Nf6 2. Bg5 Ne4 3. Bf4 c5 4. d5 Qb6 5. Bc1 e6 6. f3 Nf6 7. e4 exd5 8. e5 Qe6 9. Qe2 Ng8 10. Nc3 Nc6 11. Nb5 Kd8 12. f4 a6 13. Nc3 Nd4 14. Qf2 Ne7 15. Be3 Nef5 16. O-O-O Nxe3 17. Qxe3 Nf5 18. Qf3 d4 19. Nd5 Nh4 20. Qb3 b5 21. c4 Bb7 22. g3 Ng6 23. Bh3 Qc6 24. Bg2 bxc4 25. Qxc4 Ne7 26. Ne3 Qb6 27. Bxb7 Qxb7 28. Nh3 Rb8 29. b3 h6 30. Ng4 Qf3 31. Ngf2 a5 32. Rd3 Qd5 33. Qa4 Nc6 34. Qc4 Qxc4+ 35. bxc4 Rb4 36. Ne4 Rxc4+ 37. Kd2 Nb4 38. Ra3 Rc2+ 39. Kd1 Rb2 40. Kc1 Rc2+ 41. Kd1 Rb2 42. Kc1 Re2 43. Nd2 Nc6 44. Nc4 Kc7 45. Kd1 d3 46. Nd2 c4 47. Ra4 c3 48. Nb3 Rb2 0-1

[Event "Mauricie op"]
[Site "Trois-Rivieres CAN"]
[Date "2009.03.20"]
[Round "1"]
[White "Larochelle, Martial"]
[Black "Hua, Lefong"]
[Result "0-1"]
[WhiteElo "2200"]
[BlackElo "2326"]
[PlyCount "90"]
[GameId "2160767910223065"]
[EventDate "2009.03.20"]
[EventType "swiss"]
[EventRounds "5"]
[EventCountry "CAN"]
[SourceTitle "hb 2009.04"]

1. d4 Nf6 2. c4 c5 3. Nf3 cxd4 4. Nxd4 b6 5. Nc3 Bb7 6. Bg5 e6 7. Ndb5 d6 8. Bf4 e5 9. Bg5 a6 10. Bxf6 gxf6 11. Na3 Nd7 12. e3 Rc8 13. Be2 f5 14. Nd5 b5 15. O-O Nb6 16. Nxb6 Qxb6 17. cxb5 Rg8 18. g3 axb5 19. Rc1 Rxc1 20. Qxc1 b4 21. Nc4 Qc6 22. f3 Qc5 23. Kg2 Bh6 24. Qd2 Ke7 25. Rd1 Rd8 26. b3 f6 27. Bd3 e4 28. Be2 d5 29. f4 Ra8 30. Kg1 Bf8 31. Bh5 Bc6 32. Nb2 Rxa2 33. Rc1 Qb6 34. Rc2 Ra1+ 35. Kg2 Ke6 36. g4 fxg4 37. Bxg4+ f5 38. Qe2 fxg4 39. Qxg4+ Kd6 40. Qf5 Be7 41. Nc4+ dxc4 42. Rd2+ Kc7 43. Qe5+ Kb7 44. Qxe7+ Ka6 45. Qf6 c3 0-1

[Event "Mauricie op"]
[Site "Trois-Rivieres CAN"]
[Date "2009.03.20"]
[Round "1"]
[White "Lemire-Paquin, Alexandre"]
[Black "Auger, Bertrand"]
[Result "1/2-1/2"]
[WhiteElo "2082"]
[BlackElo "1961"]
[PlyCount "91"]
[GameId "2160767910223066"]
[EventDate "2009.03.20"]
[EventType "swiss"]
[EventRounds "5"]
[EventCountry "CAN"]
[SourceTitle "hb 2009.04"]

1. Nf3 Nf6 2. c4 b6 3. g3 Bb7 4. Bg2 e6 5. O-O Be7 6. Nc3 O-O 7. Re1 c5 8. e4 d6 9. d4 cxd4 10. Nxd4 Qc8 11. Be3 Nc6 12. Rc1 Nxd4 13. Bxd4 Qc6 14. a4 Ne8 15. Bh3 Bf6 16. b3 Bxd4 17. Qxd4 Nf6 18. Bg2 Rad8 19. Red1 a6 20. Rd2 Rd7 21. Rcd1 Rfd8 22. h3 Kf8 23. f4 Qc5 24. Qxc5 dxc5 25. Rxd7 Rxd7 26. Rxd7 Nxd7 27. e5 Bxg2 28. Kxg2 a5 29. Nb5 f6 30. exf6 gxf6 31. Kf3 Kg7 32. Nd6 f5 33. Nc8 h5 34. g4 fxg4+ 35. hxg4 hxg4+ 36. Kxg4 Kg6 37. Ne7+ Kf6 38. Nc6 e5 39. Kf3 exf4 40. Kxf4 Ke6 41. Na7 Kf6 42. Nc8 Ke6 43. Ke4 Nf6+ 44. Kf4 Nd7 45. Ke4 Nf6+ 46. Kf4 1/2-1/2

[Event "Mauricie op"]
[Site "Trois-Rivieres CAN"]
[Date "2009.03.20"]
[Round "1"]
[White "Libersan, Thierry"]
[Black "Drolet, Stephane"]
[Result "1/2-1/2"]
[WhiteElo "2117"]
[BlackElo "2141"]
[PlyCount "28"]
[GameId "2160767910223067"]
[EventDate "2009.03.20"]
[EventType "swiss"]
[EventRounds "5"]
[EventCountry "CAN"]
[SourceTitle "hb 2009.04"]

1. e4 e6 2. d4 d5 3. Nd2 h6 4. Ngf3 Nf6 5. Bd3 c5 6. c3 cxd4 7. cxd4 Nc6 8. O-O Be7 9. Qe2 O-O 10. e5 Nd7 11. Nb3 a5 12. Be3 a4 13. Nbd2 Nb4 14. Bb1 a3 1/2-1/2

[Event "Mauricie op"]
[Site "Trois-Rivieres CAN"]
[Date "2009.03.20"]
[Round "1"]
[White "Panayotov, Ivo"]
[Black "Mai, Lloyd"]
[Result "1/2-1/2"]
[WhiteElo "1975"]
[BlackElo "2115"]
[PlyCount "143"]
[GameId "2160767910223068"]
[EventDate "2009.03.20"]
[EventType "swiss"]
[EventRounds "5"]
[EventCountry "CAN"]
[SourceTitle "hb 2009.04"]

1. e4 c5 2. Nf3 d6 3. Bb5+ Bd7 4. Bxd7+ Qxd7 5. c4 Nc6 6. d4 cxd4 7. Nxd4 g6 8. Nc3 Bg7 9. Be3 Nf6 10. O-O Ng4 11. Rc1 Nxe3 12. fxe3 e6 13. Ndb5 Rd8 14. Qd2 a6 15. Nd4 O-O 16. Nxc6 Qxc6 17. Qd3 Be5 18. b3 Rc8 19. Ne2 b6 20. Rcd1 Rfd8 21. Nd4 Qb7 22. Rf2 Rd7 23. Rfd2 Rcd8 24. Qc2 Bg7 25. Ne2 Bh6 26. Nf4 b5 27. Qd3 bxc4 28. bxc4 Qc6 29. Kf2 Qc5 30. Kf3 g5 31. Ne2 g4+ 32. Kf2 f5 33. exf5 Rf7 34. Nd4 Rdf8 35. Kg1 exf5 36. g3 Rc8 37. Rf2 Qxc4 38. Qxc4 Rxc4 39. Nxf5 Bf8 40. Rdf1 Rcc7 41. e4 h5 42. Kg2 Kh7 43. Rd2 Rf6 44. Rfd1 Rc4 45. Rd4 Rc6 46. R1d2 Bh6 47. Rb2 Bf8 48. h3 Rf7 49. hxg4 Bg7 50. Nxg7 Rxg7 51. gxh5 Rc3 52. Rxd6 Rcxg3+ 53. Kh2 R3g4 54. Rg6 Rxe4 55. Rxg7+ Kxg7 56. Kg3 Ra4 57. Rh2 Kh6 58. Kf3 Rd4 59. Ke3 Rd1 60. Ke4 Rd8 61. Ke5 Rd3 62. a4 Rd1 63. Rh4 Kg5 64. Rd4 Rf1 65. Kd6 Kxh5 66. Kc5 Kg5 67. Kb6 Rf6+ 68. Ka5 Kf5 69. Rb4 Ke5 70. Rb6 Rxb6 71. Kxb6 Kd6 72. Kxa6 1/2-1/2

[Event "Mauricie op"]
[Site "Trois-Rivieres CAN"]
[Date "2009.03.20"]
[Round "1"]
[White "Pepin, Christian"]
[Black "Trinh, Tri Bao"]
[Result "0-1"]
[WhiteElo "1957"]
[BlackElo "2066"]
[PlyCount "94"]
[GameId "2160767910223069"]
[EventDate "2009.03.20"]
[EventType "swiss"]
[EventRounds "5"]
[EventCountry "CAN"]
[SourceTitle "hb 2009.04"]

1. e4 c5 2. Nf3 Nc6 3. c3 Nf6 4. Qc2 d6 5. d4 cxd4 6. cxd4 g6 7. Nc3 Bg7 8. h3 O-O 9. Be3 d5 10. e5 Bf5 11. Qb3 Ne4 12. Qxd5 Nb4 13. Qxd8 Nc2+ 14. Kd1 Rfxd8 15. Nxe4 Bxe4 16. Nd2 Nxa1 17. Nxe4 Bxe5 18. Kc1 Bxd4 19. Bxd4 Rxd4 20. Nc3 Rad8 21. Be2 Rd2 22. Rd1 Rc2+ 23. Kb1 Rxd1+ 24. Bxd1 Rxf2 25. g4 e5 26. Kxa1 f5 27. Kb1 e4 28. Kc1 e3 29. gxf5 gxf5 30. Ne2 f4 31. Nd4 Kg7 32. Be2 Kf6 33. Kd1 Rh2 34. Nf3 Rxh3 35. Kc2 Rg3 36. Kd3 Rg2 37. a4 Rf2 38. b4 b6 39. a5 bxa5 40. bxa5 Kf5 41. a6 Kg4 42. Nd4+ Kg3 43. Ke4 Rh2 44. Bf3 Ra2 45. Bd1 Rxa6 46. Ne2+ Kf2 47. Nxf4 Ra3 0-1

[Event "Mauricie op"]
[Site "Trois-Rivieres CAN"]
[Date "2009.03.20"]
[Round "1"]
[White "Prahov, Valentin"]
[Black "Rainfray, Arnaud"]
[Result "0-1"]
[WhiteElo "2220"]
[BlackElo "2393"]
[PlyCount "89"]
[GameId "2160767910223070"]
[EventDate "2009.03.20"]
[EventType "swiss"]
[EventRounds "5"]
[EventCountry "CAN"]
[SourceTitle "EXT 2011"]
[Source "ChessBase"]
[SourceDate "2011.11.26"]
[SourceVersion "1"]
[SourceVersionDate "2011.11.26"]
[SourceQuality "1"]

1. e4 c5 2. d4 cxd4 3. c3 Nf6 4. Bd3 Nc6 5. Nf3 dxc3 6. Nxc3 d6 7. O-O g6 8. Bg5 Bg7 9. Qd2 Bg4 10. Be2 O-O 11. h3 Bxf3 12. Bxf3 Rc8 13. Bh6 Ne5 14. Be2 Bxh6 15. Qxh6 Qb6 16. Qd2 Qb4 17. f3 b5 18. Rad1 Qc5+ 19. Kh2 b4 20. Nd5 Nxd5 21. exd5 Qc2 22. Rfe1 Qxd2 23. Rxd2 g5 24. Ba6 Rc5 25. Re4 Rb8 26. b3 Rb6 27. Be2 Rc3 28. h4 h6 29. hxg5 hxg5 30. Kg1 f5 31. Red4 f4 32. Kf2 a5 33. g3 fxg3+ 34. Kxg3 Rb8 35. Kg2 Rf8 36. Re4 Rf5 37. Bd1 Kf7 38. Rf2 Nd3 39. Rd2 Rxd5 40. Kg3 Re5 41. Rxe5 Nxe5 42. Rd5 Rd3 43. Rxd3 Nxd3 44. Bc2 Nc1 45. f4 0-1

[Event "Mauricie op"]
[Site "Trois-Rivieres CAN"]
[Date "2009.03.20"]
[Round "1"]
[White "Regan, Kenneth"]
[Black "Torre, Alex"]
[Result "0-1"]
[WhiteElo "2205"]
[BlackElo "2221"]
[PlyCount "76"]
[GameId "2160767910223072"]
[EventDate "2009.03.20"]
[EventType "swiss"]
[EventRounds "5"]
[EventCountry "CAN"]
[SourceTitle "hb 2009.04"]

1. e4 e6 2. d4 d5 3. e5 c5 4. c3 Nc6 5. Nf3 Bd7 6. Be2 Nh6 7. O-O Qb6 8. dxc5 Bxc5 9. b4 Be7 10. b5 Na5 11. Nd4 Qc7 12. Bf4 Nc4 13. Re1 Nxe5 14. Bh5 Bd6 15. Bxh6 gxh6 16. f4 Ng6 17. f5 Bxh2+ 18. Kh1 O-O-O 19. fxg6 hxg6 20. Bg4 h5 21. Be2 Bg3 22. Nd2 Qf4 23. N2f3 e5 24. Qa4 Kb8 25. Red1 exd4 26. Rxd4 Qe3 27. Rxd5 Bg4 28. Qd4 Qe7 29. Bc4 Rxd5 30. Bxd5 Rd8 31. c4 f6 32. b6 a6 33. Rd1 Qd7 34. Qxf6 Bf5 35. Ne5 Qd6 36. Qf7 Qxb6 37. c5 Qc7 38. Qxc7+ Kxc7 0-1

[Event "Mauricie op"]
[Site "Trois-Rivieres CAN"]
[Date "2009.03.20"]
[Round "1"]
[White "Rivest, Jean-Michel"]
[Black "Forget, Luc"]
[Result "0-1"]
[WhiteElo "1951"]
[BlackElo "2013"]
[PlyCount "94"]
[GameId "2160767910223073"]
[EventDate "2009.03.20"]
[EventType "swiss"]
[EventRounds "5"]
[EventCountry "CAN"]
[SourceTitle "hb 2009.04"]

1. e4 e5 2. Nf3 Nc6 3. Bb5 a6 4. Ba4 Nf6 5. O-O Be7 6. Re1 b5 7. Bb3 d6 8. c3 O-O 9. h3 Bb7 10. d4 Nd7 11. a4 Na5 12. Ba2 c5 13. Nbd2 Bf6 14. dxc5 dxc5 15. Qc2 c4 16. axb5 axb5 17. b4 Nc6 18. Nf1 Ne7 19. Rd1 Qc7 20. Ne3 g6 21. Ng4 Bg7 22. Bg5 f6 23. Bh6 Rfd8 24. Bxg7 Kxg7 25. Qd2 Ng8 26. Qe3 Nf8 27. Rxd8 Qxd8 28. Qe2 h5 29. Ngh2 Qd3 30. Qxd3 cxd3 31. Nd2 f5 32. f3 Nf6 33. exf5 Bd5 34. c4 bxc4 35. Nb1 gxf5 36. Nf1 N8d7 37. Ne3 f4 38. Nd1 e4 39. fxe4 Nxe4 40. Nbc3 Nxc3 41. Nxc3 Bf7 42. Kf2 Nb6 43. Ne4 Bd5 44. Nc3 Bf7 45. Rc1 Ra3 46. Bb1 d2 47. Rc2 Rxc3 0-1

[Event "Mauricie op"]
[Site "Trois-Rivieres CAN"]
[Date "2009.03.20"]
[Round "1"]
[White "Robichaud, Louis"]
[Black "Morissette, Jean-Sebastien"]
[Result "1-0"]
[WhiteElo "2091"]
[BlackElo "1973"]
[PlyCount "91"]
[GameId "2160767910223074"]
[EventDate "2009.03.20"]
[EventType "swiss"]
[EventRounds "5"]
[EventCountry "CAN"]
[SourceTitle "EXT 2011"]
[Source "ChessBase"]
[SourceDate "2011.11.26"]
[SourceVersion "1"]
[SourceVersionDate "2011.11.26"]
[SourceQuality "1"]

1. e4 Nf6 2. e5 Nd5 3. c4 Nb6 4. d4 d6 5. f4 Bf5 6. Nc3 e6 7. Nf3 dxe5 8. fxe5 Bb4 9. a3 Bxc3+ 10. bxc3 c5 11. Be2 O-O 12. O-O Nc6 13. Be3 Qc7 14. Nh4 Bg6 15. Nxg6 hxg6 16. Qe1 Na5 17. Qh4 Naxc4 18. Bxc4 Nxc4 19. Bg5 Nb6 20. Rf3 Nd5 21. Raf1 f6 22. exf6 gxf6 23. Bxf6 Nxf6 24. Rxf6 Qg7 25. Qg5 Kh7 26. Rxf8 Rxf8 27. Qxc5 Rxf1+ 28. Kxf1 Qf6+ 29. Ke2 Qf4 30. Qe7+ Kh6 31. Qxe6 Qc7 32. c4 Qa5 33. Qe3+ Kh7 34. d5 Qa6 35. Qc5 Qf6 36. d6 Qb2+ 37. Kf3 Qc3+ 38. Kg4 Qd3 39. Qd5 Qe2+ 40. Kg5 Kg7 41. Qd4+ Kg8 42. g4 Qe8 43. d7 Qe7+ 44. Kxg6 Qh7+ 45. Kg5 Qe7+ 46. Kf4 1-0

[Event "Mauricie op"]
[Site "Trois-Rivieres CAN"]
[Date "2009.03.20"]
[Round "1"]
[White "Sambuev, Bator"]
[Black "Caire, Francois"]
[Result "1-0"]
[WhiteElo "2495"]
[BlackElo "2229"]
[PlyCount "77"]
[GameId "2160767910223075"]
[EventDate "2009.03.20"]
[EventType "swiss"]
[EventRounds "5"]
[EventCountry "CAN"]
[SourceTitle "EXT 2011"]
[Source "ChessBase"]
[SourceDate "2011.11.26"]
[SourceVersion "1"]
[SourceVersionDate "2011.11.26"]
[SourceQuality "1"]

1. e4 c5 2. Nf3 Nc6 3. Bb5 g6 4. O-O Bg7 5. Re1 e5 6. Bxc6 dxc6 7. h3 Qe7 8. d3 Nf6 9. Be3 Nd7 10. Nbd2 Nf8 11. Nc4 f6 12. a3 Ne6 13. b4 O-O 14. c3 b6 15. Qb3 Kh8 16. a4 Rd8 17. bxc5 Nxc5 18. Bxc5 Qxc5 19. d4 Qe7 20. dxe5 fxe5 21. Qa3 Qc7 22. a5 b5 23. Nb6 Rb8 24. Nxc8 Rbxc8 25. Rad1 a6 26. Ng5 Re8 27. Qa2 Re7 28. Ne6 Qa7 29. Rd6 Rd7 30. Red1 Rxd6 31. Rxd6 Qe7 32. Qd2 Bf6 33. g3 g5 34. Kg2 Kg8 35. Nc5 Rd8 36. Rxd8+ Qxd8 37. Qa2+ Kh8 38. Qe6 Kg7 39. Nd7 1-0

[Event "Mauricie op"]
[Site "Trois-Rivieres CAN"]
[Date "2009.03.20"]
[Round "1"]
[White "Voloaca, Mihnea"]
[Black "Beaudoin, Stephane"]
[Result "1-0"]
[WhiteElo "2345"]
[BlackElo "2205"]
[PlyCount "51"]
[GameId "2160767910223077"]
[EventDate "2009.03.20"]
[EventType "swiss"]
[EventRounds "5"]
[EventCountry "CAN"]
[SourceTitle "hb 2009.04"]

1. d4 Nf6 2. c4 e6 3. Nf3 c5 4. e3 Be7 5. Nc3 O-O 6. d5 exd5 7. cxd5 d6 8. Bd3 Nbd7 9. Nd2 Ne5 10. Be2 a6 11. a4 Bd7 12. f4 Neg4 13. Nc4 Nh6 14. a5 Bg4 15. O-O Bxe2 16. Qxe2 Nd7 17. e4 b5 18. axb6 Nxb6 19. Na5 Qd7 20. Nc6 Bf6 21. e5 Nxd5 22. Nxd5 Qxc6 23. Qf3 dxe5 24. Ne7+ Bxe7 25. Qxc6 c4 26. fxe5 1-0

[Event "Mauricie op"]
[Site "Trois-Rivieres CAN"]
[Date "2009.03.20"]
[Round "1"]
[White "Wilkin, Alain"]
[Black "Anastasovski, Nikola"]
[Result "1/2-1/2"]
[WhiteElo "1965"]
[BlackElo "2091"]
[PlyCount "127"]
[GameId "2160767910223078"]
[EventDate "2009.03.20"]
[EventType "swiss"]
[EventRounds "5"]
[EventCountry "CAN"]
[SourceTitle "hb 2009.04"]

1. e4 e5 2. Nf3 Nc6 3. Bb5 f5 4. Nc3 Nf6 5. d3 Bb4 6. O-O Bxc3 7. bxc3 fxe4 8. dxe4 d6 9. Qd3 Bg4 10. Nd2 Qd7 11. c4 O-O 12. f3 Be6 13. Rd1 Qf7 14. Bxc6 bxc6 15. c5 d5 16. Bb2 Qh5 17. Re1 d4 18. Nf1 Qf7 19. Nd2 Nh5 20. g3 Qg6 21. Kh1 Qh6 22. Nf1 Rf7 23. Bc1 Qf6 24. Nd2 Raf8 25. Qe2 Qg6 26. Qg2 Qf6 27. a4 Qe7 28. Ba3 Nf6 29. Qe2 Ng4 30. Rac1 Qg5 31. c3 Nf6 32. cxd4 exd4 33. Bb2 Qh5 34. Bxd4 Qh3 35. Qg2 Qh5 36. Be3 Qg6 37. Qe2 h5 38. Rcd1 Nd7 39. Qg2 Qf6 40. Qe2 Ne5 41. Bd4 g5 42. Qe3 Rd7 43. Bxe5 Qxe5 44. Nc4 Qf6 45. Rxd7 Bxd7 46. Nd2 Be6 47. Kg1 Rf7 48. e5 Qg6 49. Ne4 g4 50. f4 Kg7 51. Ng5 Rd7 52. Nxe6+ Qxe6 53. Rf1 Rd5 54. f5 Qxe5 55. Qg5+ Kf8 56. Qh6+ Qg7 57. Qe6 Qe7 58. Qh6+ Qg7 59. Qe6 Qd4+ 60. Kh1 Re5 61. Qh6+ Kg8 62. Qg6+ Kf8 63. Qh6+ Kg8 64. Qg6+ 1/2-1/2

[Event "Mauricie op"]
[Site "Trois-Rivieres CAN"]
[Date "2009.03.21"]
[Round "2"]
[White "Abran, David"]
[Black "Larochelle, Martial"]
[Result "0-1"]
[WhiteElo "1737"]
[BlackElo "2200"]
[PlyCount "78"]
[GameId "2160767910223079"]
[EventDate "2009.03.20"]
[EventType "swiss"]
[EventRounds "5"]
[EventCountry "CAN"]
[SourceTitle "hb 2009.04"]

1. d4 Nf6 2. c4 g6 3. Nc3 d5 4. e3 Bg7 5. Nf3 O-O 6. Be2 c5 7. O-O cxd4 8. exd4 Nc6 9. h3 b6 10. Be3 Bb7 11. Rc1 Rc8 12. a3 dxc4 13. Bxc4 e6 14. Qe2 Ne7 15. Ba2 Ned5 16. Nxd5 Bxd5 17. Rxc8 Qxc8 18. Bxd5 Nxd5 19. Rc1 Qb7 20. Bg5 Rc8 21. Qd2 Rxc1+ 22. Qxc1 Nf6 23. Bf4 Nd5 24. Be5 f6 25. Bg3 Kf7 26. Ne1 Qd7 27. Qc4 Bf8 28. Nd3 g5 29. Be5 Ne7 30. f4 Nc6 31. Kh2 Bg7 32. fxg5 fxe5 33. dxe5 Qd5 34. Qc2 Kg8 35. g3 Nxe5 36. Qc8+ Bf8 37. Nxe5 Qxe5 38. Qc1 Qe2+ 39. Kh1 Bc5 0-1